zpět

Detail výsledku týmu

Hasičárna Novesta, Zlín

Datum a čas kvízu

30 Celkem bodů Celkový počet nahraných bodů na tomto kvízu bez doplňovacích otázek.
9. Pořadí na kvízu Konečné umístění týmu na tomto kvízu.

Zaznamenané odpovědi

# Otázka Odpověď Body Výsledky
1. Senát nominoval rekordních 125... Jan Kubiš, Adolf Opálka 0.5
2. Policie v Nashvillu v americké... C) hrál v pornografickém filmu 1
3. Minulý týden bylo oznámeno, kt... Viggo Mortensen 0
4. Americký výrobce čipů prezentu... Nvidia 1
5. Naše talentovaná 24letá reprez... plavání 1
11. Jak se nazývá specializované o... A 1
12. Jak se jmenuje ovoce na obrázk... kumquat (nagami nebo počeštěně kumkvat) 1
13. Nyní nás bude zajímat ovoce zv... C 0
14. Vypište z následující řady dva... jackfruit, rambutan 0.5
15. Níže jsou názvy tří odrůd jabl... C 1